مشاہیر کے تعلیمی نظرئے / mashaher ke taalimi nazariye / (Record no. 85964)
[ view plain ]
| 000 -LEADER | |
|---|---|
| fixed length control field | 00686nam a22001937a 4500 |
| 001 - CONTROL NUMBER | |
| control field | 85964 |
| 003 - CONTROL NUMBER IDENTIFIER | |
| rucl marc code | BD-RjUL |
| 005 - DATE AND TIME OF LATEST TRANSACTION | |
| control field | 20251118093457.0 |
| 008 - FIXED-LENGTH DATA ELEMENTS--GENERAL INFORMATION | |
| fixed length control field | 251118s1926 pk ||||| |||| 00| 0 urd d |
| 035 ## - SYSTEM CONTROL NUMBER | |
| System control number | (BD-RjUL) 85964 |
| 040 ## - CATALOGING SOURCE | |
| Original cataloging agency | BD-RjUL |
| Language of cataloging | eng |
| Transcribing agency | BD-RjUL |
| 041 ## - LANGUAGE CODE | |
| Language code of text/sound track or separate title | urd |
| 082 ## - DEWEY DECIMAL CLASSIFICATION NUMBER | |
| Edition number | 23 |
| Classification number | 370.15 |
| Author mark and year | JAM 1926 |
| 100 ## - MAIN ENTRY--PERSONAL NAME | |
| Personal name | زہیری، محمد حسین خان ;; Zuhairi, Muhammad Hussain Khan |
| 9 (RLIN) | 17336 |
| 245 ## - TITLE STATEMENT | |
| Title | مشاہیر کے تعلیمی نظرئے / mashaher ke taalimi nazariye / |
| Statement of responsibility, etc. | محمد حسین خان زہیری ;; Muhammad Hussain Khan Zuhairi |
| 260 ## - PUBLICATION, DISTRIBUTION, ETC. (IMPRINT) | |
| Place of publication, distribution, etc. | Karachi : |
| Name of publisher, distributor, etc. | Akademi of Education , |
| Date of publication, distribution, etc. | 1926 |
| 650 ## - SUBJECT ADDED ENTRY--TOPICAL TERM | |
| Topical term or geographic name as entry element | Education |
| Form subdivision | Philosophy |
| 9 (RLIN) | 16358 |
| 942 ## - ADDED ENTRY ELEMENTS (KOHA) | |
| Source of classification or shelving scheme | Dewey Decimal Classification |
| Koha item type | Books |
| Lost status | Source of classification or shelving scheme | Damaged status | Not for loan | Collection code | Permanent Location | Current Location | Shelving location | Date acquired | Source of acquisition | Cost, normal purchase price | Total Checkouts | Full call number | Date last seen | Copy number | Koha item type |
|---|---|---|---|---|---|---|---|---|---|---|---|---|---|---|---|
| Dewey Decimal Classification | Not For Loan | Non-fiction | Central Library, University of Rajshahi | Central Library, University of Rajshahi | Reading Room | 03/10/1967 | Sh. Mubarak ali | 4.00 | U 370.15 JAM 1926 | 18/11/2025 | C-1 | Books |